| 000 | 00696nam a2200205Ia 4500 | ||
|---|---|---|---|
| 003 | GCL | ||
| 008 | 140319s9999 xx 000 0 ara d | ||
| 040 |
_aGCL / _cGCL |
||
| 082 | 0 | 4 |
_a940.2 _bج ت |
| 100 | 1 | _aجلال يحيى | |
| 245 | 1 | 0 |
_aتاريخ اوربا فى مطلع العصر الحديث / _cجلال يحيى |
| 250 | _aالاولى | ||
| 260 |
_aالقاهرة : _bجلال يحيى ، _c1976 |
||
| 300 |
_a498 ص: _bايض ؛ _c24 سم |
||
| 650 | 0 | 4 | _aالتاريخ الحديث |
| 650 | 0 | 4 | _aاوربا - تاريخ - العصور الوسطى |
| 650 | 0 | 4 | _aعصر النهضة (1300 - 1494) |
| 650 | 0 | 4 | _aاوربا - تاريخ - عصر النهضة |
| 942 |
_2ddc _cBK |
||
| 999 |
_c5046 _d5046 |
||